000 00304nam a22001337a 4500
008 181106b xxu||||| |||| 00| 0 eng d
020 _a0879831146
041 _aeng
080 _a612.39
100 _a10
101 _aNUT
245 _aMental and Elemental Nutrients
_cPfeiffer,.C,C
942 _2udc
_cBK
999 _c51939
_d51939